Mechanisms of antiozonant protection of elastomers (Record no. 62785)

MARC details
000 -LEADER
fixed length control field 01088nam a2200193Ia 4500
100 ## - MAIN ENTRY--AUTHOR NAME
Personal name Lake G J
245 #0 - TITLE STATEMENT
Title Mechanisms of antiozonant protection of elastomers
260 ## - PUBLICATION, DISTRIBUTION, ETC. (IMPRINT)
Name of publisher Polymer Degradation and Stability
Year of publication 1995
300 ## - PHYSICAL DESCRIPTION
Number of Pages 193-203
500 ## - GENERAL NOTE
General note Source Year: 1996
520 ## - SUMMARY, ETC.
Summary, etc Ozone cracking in elastomers can be characterized by two parameters : a threshold condition and a characteristic rate of growth. Many chemical additives can reduce growth rate but the most potent also effectively raise the threshold by forming a protective layer on the surface. Elastomers that have relatively high glass transition temperatures, and hence high internal viscosity (which retards diffusion), such as nitrile rubber or epoxidized natural rubber, are found to be more difficult to protect than lower glass transition materials, such as natural rubber or styrene-butadiene rubber.
650 ## - SUBJECT ADDED ENTRY--TOPICAL TERM
Topical Term Antiozonant protection
650 ## - SUBJECT ADDED ENTRY--TOPICAL TERM
Topical Term Elastomers
650 ## - SUBJECT ADDED ENTRY--TOPICAL TERM
Topical Term Ozone cracking
700 ## - ADDED ENTRY--PERSONAL NAME
Personal name Mente P G
856 ## - ELECTRONIC LOCATION AND ACCESS
Uniform Resource Identifier IRRDB
942 ## - ADDED ENTRY ELEMENTS (KOHA)
Koha item type Journals
Holdings
Withdrawn status Lost status Damaged status Not for loan Home library Current library Shelving location Date acquired Serial Enumeration / chronology Koha item type
      Journals RRII Library RRII Library Rubber chemistry 17/12/2021 Volume 49, Issue Journals